Introduction to mathematical logic. (Record no. 120856)
[ view plain ]
| 000 -LEADER | |
|---|---|
| fixed length control field | 00889cam a22002891 4500 |
| 001 - CONTROL NUMBER | |
| control field | 1542615 |
| 003 - CONTROL NUMBER IDENTIFIER | |
| control field | ARRUPE |
| 005 - DATE AND TIME OF LATEST TRANSACTION | |
| control field | 20140918134734.0 |
| 008 - FIXED-LENGTH DATA ELEMENTS--GENERAL INFORMATION | |
| fixed length control field | 751121s1964 njua b 001 0 eng |
| 010 ## - LIBRARY OF CONGRESS CONTROL NUMBER | |
| LC control number | 64009524 |
| 015 ## - NATIONAL BIBLIOGRAPHY NUMBER | |
| National bibliography number | GB64-6654 |
| 035 ## - SYSTEM CONTROL NUMBER | |
| System control number | (OCoLC)ocm00259359 |
| 035 ## - SYSTEM CONTROL NUMBER | |
| System control number | (NNC)1542615 |
| 040 ## - CATALOGING SOURCE | |
| Original cataloging agency | DLC |
| Transcribing agency | WRJ |
| Modifying agency | DLC |
| -- | UKM |
| -- | ZCU |
| -- | NNC |
| 050 00 - LIBRARY OF CONGRESS CALL NUMBER | |
| Classification number | QA9 |
| Item number | .M4 1964 |
| 300 ## - PHYSICAL DESCRIPTION | |
| Other physical details | illus. |
| Dimensions | 24 cm. |
| 100 1# - MAIN ENTRY--PERSONAL NAME | |
| Personal name | Mendelson, Elliott. |
| 9 (RLIN) | 11328 |
| 245 10 - TITLE STATEMENT | |
| Title | Introduction to mathematical logic. |
| 260 ## - PUBLICATION, DISTRIBUTION, ETC. (IMPRINT) | |
| Place of publication, distribution, etc | Princeton, N.J., |
| Name of publisher, distributor, etc | Van Nostrand |
| Date of publication, distribution, etc | [1964] |
| 300 ## - PHYSICAL DESCRIPTION | |
| Extent | x, 300 p. |
| 490 1# - SERIES STATEMENT | |
| Series statement | The University series in undergraduate mathematics |
| 504 ## - BIBLIOGRAPHY, ETC. NOTE | |
| Bibliography, etc | Bibliography: p. 272-287. |
| 650 #0 - SUBJECT ADDED ENTRY--TOPICAL TERM | |
| Topical term or geographic name as entry element | Logic, Symbolic and mathematical. |
| 9 (RLIN) | 11329 |
| 740 01 - ADDED ENTRY--UNCONTROLLED RELATED/ANALYTICAL TITLE | |
| Uncontrolled related/analytical title | Mathematical logic. |
| 830 #0 - SERIES ADDED ENTRY--UNIFORM TITLE | |
| Uniform title | University series in undergraduate mathematics. |
| 9 (RLIN) | 11330 |
| 942 ## - ADDED ENTRY ELEMENTS (KOHA) | |
| Source of classification or shelving scheme | Library of Congress Classification |
| Koha item type | Monograph ( Printed materials) |
| Withdrawn status | Lost status | Source of classification or shelving scheme | Damaged status | Not for loan | Home library | Current library | Shelving location | Date acquired | Total Checkouts | Full call number | Barcode | Date last seen | Price effective from | Koha item type |
|---|---|---|---|---|---|---|---|---|---|---|---|---|---|---|
| Library of Congress Classification | ARRUPE LIBRARY | ARRUPE LIBRARY | Main Collection | 18/09/2014 | QA9 .M4 1964 | 46500000744 | 02/07/2019 | 18/09/2014 | Monograph ( Printed materials) |